<?xml version="1.0" encoding="UTF-8"?>
<record
    xmlns:xsi="http://www.w3.org/2001/XMLSchema-instance"
    xsi:schemaLocation="http://www.loc.gov/MARC21/slim http://www.loc.gov/standards/marcxml/schema/MARC21slim.xsd"
    xmlns="http://www.loc.gov/MARC21/slim">

  <leader>01348cam a22002771  4500</leader>
  <controlfield tag="001">gs 18000395 </controlfield>
  <controlfield tag="003">DLC</controlfield>
  <controlfield tag="005">20260227111323.0</controlfield>
  <controlfield tag="008">780914s1916    wiuab        s000 0 eng c</controlfield>
  <datafield tag="010" ind1=" " ind2=" ">
    <subfield code="a">gs 18000395 </subfield>
  </datafield>
  <datafield tag="035" ind1=" " ind2=" ">
    <subfield code="a">(OCoLC)4224050</subfield>
  </datafield>
  <datafield tag="040" ind1=" " ind2=" ">
    <subfield code="a">Library, U. S. Geological Survey</subfield>
    <subfield code="c">AzU</subfield>
    <subfield code="d">DLC</subfield>
  </datafield>
  <datafield tag="042" ind1=" " ind2=" ">
    <subfield code="a">premarc</subfield>
  </datafield>
  <datafield tag="050" ind1="0" ind2="0">
    <subfield code="a">QE179</subfield>
    <subfield code="b">.A2 no. 48</subfield>
  </datafield>
  <datafield tag="100" ind1="1" ind2=" ">
    <subfield code="a">Whitson, A. R.</subfield>
    <subfield code="q">(Andrew R.),</subfield>
    <subfield code="d">1870-1945.</subfield>
  </datafield>
  <datafield tag="245" ind1="1" ind2="0">
    <subfield code="a">Soil survey of Jefferson County, Wisconsin,</subfield>
    <subfield code="c">by A. R. Whitson, W. J. Geib and O. J. Noer of the Wisconsin Geological and natural history survey, and A. H. Meyer, of the United States Department of agriculture; survey conducted in cooperation with the United States Department of agriculture, Bureau of soils.</subfield>
  </datafield>
  <datafield tag="260" ind1=" " ind2=" ">
    <subfield code="a">Madison, Wis.,</subfield>
    <subfield code="b">The State,</subfield>
    <subfield code="c">1916.</subfield>
  </datafield>
  <datafield tag="300" ind1=" " ind2=" ">
    <subfield code="a">1 p. l., 78 p.</subfield>
    <subfield code="b">illus., (maps) III pl., fold. map (in portfolio)</subfield>
    <subfield code="c">23 cm.</subfield>
  </datafield>
  <datafield tag="490" ind1="0" ind2=" ">
    <subfield code="a">Wisconsin.  Geological and natural history survey.  Bulletin,</subfield>
    <subfield code="v">no. 48.  Soil series no. 13</subfield>
  </datafield>
  <datafield tag="500" ind1=" " ind2=" ">
    <subfield code="a">Soil survey in cooperation with the College of agriculture.</subfield>
  </datafield>
  <datafield tag="650" ind1=" " ind2="0">
    <subfield code="a">Soil surveys</subfield>
    <subfield code="z">Wisconsin</subfield>
    <subfield code="z">Jefferson County.</subfield>
  </datafield>
  <datafield tag="700" ind1="1" ind2=" ">
    <subfield code="a">Geib, W. J.</subfield>
    <subfield code="q">(Warren Jacob),</subfield>
    <subfield code="d">1880-</subfield>
    <subfield code="e">joint author.</subfield>
  </datafield>
  <datafield tag="700" ind1="1" ind2=" ">
    <subfield code="a">Noer, Oyvind Juul,</subfield>
    <subfield code="e">joint author.</subfield>
  </datafield>
  <datafield tag="700" ind1="1" ind2=" ">
    <subfield code="a">Meyer, Alfred Henry,</subfield>
    <subfield code="d">1888-1934,</subfield>
    <subfield code="e">joint author.</subfield>
  </datafield>
  <datafield tag="710" ind1="1" ind2=" ">
    <subfield code="a">United States.</subfield>
    <subfield code="b">Bureau of Soils.</subfield>
  </datafield>
  <datafield tag="999" ind1=" " ind2=" ">
    <subfield code="c">25881</subfield>
    <subfield code="d">25881</subfield>
  </datafield>
</record>
